| 000 | 00782nam a2200253 i 4500 | ||
|---|---|---|---|
| 001 | bg | ||
| 100 | 1 | _aŁUCZAJ, Łukasz | |
| 245 | 1 | 0 |
_aDzikie rośliny jadalne Polski : _bprzewodnik survivalowy / _cŁukasz Łuczaj. |
| 250 | _aWyd. 2 poszerz. | ||
| 260 |
_aKrosno : _b"Chemigrafia", _c2004. |
||
| 300 |
_a268 s., [6] s. tabl. kolor. : _bfot. kolor., rys. ; _c21 cm. |
||
| 504 | _aBibliogr. Indeksy. | ||
| 650 | 9 |
_aRośliny _zPolska |
|
| 655 | _aEncyklopedie | ||
| 015 | _aPB 6968/2005 | ||
| 020 | _a8390463369 | ||
| 040 | _cBPK | ||
| 041 | 0 | _apol | |
| 080 | _a581.9(438)(03) | ||
| 920 | _a83-904633-6-9 | ||
| 942 | _cKS | ||
| 008 | s pl f |000 0 pol | ||
| 999 |
_c53317 _d53317 |
||
| 856 |
_uhttp://koha.tu.koszalin.pl/cgi-bin/koha/opac-detail.pl?biblionumber=53317 _yKatalog online BPK |
||